Taylor Swift - Daylight Lyrics - Statistics

General Stats
  • This quiz has been taken 274 times
  • The average score is 375 of 436
Answer Stats
Answer % Correct
a
99%
I
99%
(I
99%
daylight
97%
in
97%
(In
97%
you
97%
You
97%
love
96%
the
96%
be
95%
My
95%
my
95%
see
94%
And
93%
and
93%
it
93%
it's
93%
I'ts
93%
It's
93%
of
93%
go
92%
but
91%
But
91%
can
91%
now
91%
(Now
91%
so
91%
that
91%
look
89%
was
89%
all
88%
All
88%
as
88%
at
88%
golden
88%
(golden)
88%
saw
88%
thought
88%
by
87%
don't
87%
me
87%
night
87%
think
87%
wanna
87%
would
87%
anything
86%
are
86%
i've
86%
I've
86%
never
86%
only
86%
(Black
85%
(Burning
85%
cities
85%
cruel
85%
else
85%
every
85%
lived
85%
once
85%
red)
85%
believed
84%
dark
84%
mind)
84%
white)
84%
good
83%
light
83%
to
83%
twenty
83%
been
81%
long
81%
still
81%
There
81%
year
81%
away)
79%
head)
79%
I'll
79%
Like
79%
like
79%
many
79%
sleeping
79%
Everyone
78%
(Things
78%
things
78%
goodbye
77%
looked
77%
this
77%
your
77%
same)
76%
tell
76%
worse
76%
truth
75%
i'm
74%
I'm
74%
im
74%
joke
74%
twenty
73%
what
73%
will
73%
Back
72%
became
72%
down
72%
Not
72%
(Intertwined)
71%
brighter
69%
let
69%
lines
69%
trusted
69%
unforgiven
69%
crossed
68%
Maybe
68%
smoke
68%
town
67%
hate
66%
settle
66%
afraid
65%
bed)
65%
butt
65%
forth
65%
Just
65%
just
65%
unlucky
65%
wicked
65%
with
65%
from
64%
out
64%
air
63%
defined
63%
New
63%
refused
63%
room
63%
York
63%
morning
62%
single
62%
breathed
61%
into
61%
middle
61%
ran
60%
draw
59%
wolves
59%
stormed
58%
awake)
57%
because
57%
daggers
57%
step
57%
wide
57%
our
56%
Luck
55%
(Sneaking
55%
wounded
55%
Clearing
54%
draws
54%
gotta
52%
haunt
49%
Threw
43%
cloaks
40%
No matching quizzes found
Score Distribution
Percent of People with Each Score
Percentile by Number Answered
Your Score History
You have not taken this quiz